00833nam a2200181 a 450000100100000000500170001000800410002704000250006808200140009324502400010725000440034726000720039130000200046370000300048304900090051395201120052299900170063400003038320200930062301.0110516s1955 dr 000 0 spa d aDO-SdBNPbspacBNPHU axxxbR42601aThe Dominican Republic : 25 years of peace and prosperity :b25 years of peace and prosperity. Extension of remarks of Hon. John W. McCormack of Massachusetts in the House of Representatives, Monday, June 13, 1955 /cJohn W. McCormack. aA reprint from the Congressional record aCiudad Trujillo, República DominicanaaEditora del Caribe,c1955. a14 p. :b24 cm.1 aMcCormack, John W.957022 aBNPD 0010718PDaPDbPDcCTd2011-05-16iLF1l0oxxx R426p30383-10r2020-06-25w2020-06-25yLFPDZNo se presta c29875d29875